Statistics for Steven Spielberg Movies

Click here to take the quiz!

General Stats

  • This quiz has been taken 37 times
    (19 since last reset)
  • The average score is 24 of 208

Answer Stats

YearMovie% Correct
1975Jaws
95%
1989Indiana Jones and the Last Crusade
84%
1984Indiana Jones and the Temple of Doom
84%
1993Jurassic Park
84%
1993Schindler's List
79%
1982E.T. the Extra-Terrestrial
74%
1998Saving Private Ryan
68%
1977Close Encounters of the Third Kind
63%
2018Ready Player One
58%
2002Catch Me If You Can
53%
2005Munich
53%
2022The Fabelmans
53%
2015Bridge of Spies
47%
2012Lincoln
47%
2004The Terminal
47%
2021West Side Story
47%
19791941
42%
1971Duel
42%
1991Hook
42%
2002Minority Report
42%
2011The Adventures of Tintin
42%
1985 | 2023The Color Purple
42%
1997The Lost World: Jurassic Park
42%
1974The Sugarland Express
42%
2011War Horse
42%
2001A.I. Artificial Intelligence
37%
1997Amistad
37%
2016The BFG
37%
2005War of the Worlds
37%
1987Empire of the Sun
32%
2015Jurassic World
32%
2017The Post
32%
1985The Goonies
26%
1989Always
21%
1985Back to the Future
21%
2023Indiana Jones and the Dial of Destiny
21%
2008Indiana Jones and the Kingdom of the Crystal Skull
21%
1997Men in Black
21%
2012Men in Black 3
21%
2006Flags of Our Fathers
16%
1984Gremlins
16%
1981Indiana Jones and the Raiders of the Lost Ark
16%
2006Letters from Iwo Jima
16%
2002Men in Black II
16%
1982 | 2015Poltergeist
16%
2001Shrek
16%
2011Super 8
16%
2007Transformers
16%
1986Amazing Stories
11%
1989Back to the Future Part II
11%
1990Back to the Future Part III
11%
2018Bumblebee
11%
1991Cape Fear
11%
1995Casper
11%
2011Cowboys and Aliens
11%
2018First Man
11%
2010Hereafter
11%
2001Jurassic Park III
11%
2022Jurassic World: Dominion
11%
2023Maestro
11%
2006Monster House
11%
2011Real Steel
11%
1994The Flintstones
11%
2005The Legend of Zorro
11%
2010True Grit
11%
1996Twister
11%
2016All the Way
5%
1986An American Tail
5%
1999Animaniacs: Wakko's Wish
5%
1990Arachnophobia
5%
2002Austin Powers in Goldmember
5%
1995Balto
5%
1987*batteries not included
5%
2008Eagle Eye
5%
1985Fandango
5%
1964Firelight
5%
1990Gremlins 2: The New Batch
5%
TBDGremlins 3
5%
TBDIntelligent Life
5%
1978I Wanna Hold Your Hand
5%
1990Joe Versus the Volcano
5%
2018Jurassic World: Fallen Kingdom
5%
2005Memoirs of a Geisha
5%
2019Men in Black: International
5%
2021Oslo
5%
2011Paul
5%
TBDReal Steel 2
5%
TBDRobopocalypse
5%
1973Savage
5%
2001Semper Fi
5%
1998Small Soldiers
5%
1972Something Evil
5%
2005Star Wars: Revenge of the Sith
5%
1980The Blues Brothers
5%
1999The Haunting
5%
2009The Lovely Bones
5%
1998The Mask of Zorro
5%
1986The Money Pit
5%
1998The Prince of Egypt
5%
1990The Visionary
5%
2013The Wolf of Wall Street
5%
2011Transformers: Dark of the Moon
5%
2009Transformers: Revenge of the Fallen
5%
1983Twilight Zone: The Movie
5%
2019Us
5%
1980Used Cars
5%
2001Vanilla Sky
5%
1988Who Framed Roger Rabbit
5%
1985Young Sherlock Holmes
5%
20191917
0%
1991A Brief History of Time
0%
1973Ace Eli and Rodger of the Skies
0%
1993A Dangerous Woman
0%
2019A Dog's Journey
0%
2017A Dog's Purpose
0%
1993A Far Off Place
0%
2012A Little Bit Zombie
0%
1991An American Tail: Fievel Goes West
0%
2016Anomalous
0%
2023Asteroid City
0%
1991A Wish for Wings That Work
0%
2007Bee Movie
0%
2011Behind the Walls
0%
2021Bright
0%
2007Call This a Cry For Help
0%
2019Cats
0%
1993Class of '61
0%
1981Continental Divide
0%
2012Crossroads
0%
1991Curly Sue
0%
1989Dad
0%
2013Dead on Arrival
0%
1998Depp Impact
0%
2022Distant
0%
2007Disturbia
0%
1990Dreams
0%
2001Evolution
0%
1968Faces
0%
2021Finch
0%
2003Finding Home
0%
2011Fright Night
0%
2017Ghost in the Shell
0%
1987Harry and the Hendersons
0%
2006Horrors of War
0%
1995How to Make an American Quilt
0%
2010How to Train Your Dragon
0%
2014How to Train Your Dragon 2
0%
2019How to Train Your Dragon: The Hidden World
0%
2002In America
0%
1999In Dreams
0%
1987Innerspace
0%
2002Interstate 60: Episodes of the Road
0%
2005Just Like Heaven
0%
1962Lawrence of Arabia
0%
1994Little Giants
0%
2011Locke and Key
0%
2000Lost Souls
0%
2011Margin Call
0%
2014Need For Speed
0%
1992Noises Off
0%
1961One-Eyed Jacks
0%
2013Paranormal Movie
0%
2006Perfume: The Story of a Murderer
0%
2001Rennie's Landing
0%
2002Road to Perdition
0%
1983Scarface
0%
2019Shmuel Coen's Killer Script
0%
2021Silent Night
0%
2007Spiritual Warriors
0%
2009Super Capers: The Origins of Ed and the Missing Bullion
0%
2027The Adventures of Tintin: Red Rackham's Treasure
0%
2015The A-List
0%
1995The Bridges of Madison County
0%
2013The Demented
0%
2021The French Dispatch
0%
1999The Hi-Line
0%
2014The Homesman
0%
2018The House With the Clock in its Walls
0%
2026The Kidnapping of Edgardo Mortara
0%
1988The Land Before Time
0%
1994The Little Rascals
0%
1997The Locusts
0%
1984The NeverEnding Story
0%
2014The One-Hundred Foot Journey
0%
1987The Puppetoon Movie
0%
2012The Rakugo Movie
0%
2010The Road to Freedom
0%
2020The Trial of Chicago 7
0%
1996The Trigger Effect
0%
2020The Turning
0%
1987Three O'Clock High
0%
TBDTintin 3
0%
1992Tiny Toons Adventures: How I Spent My Vacation
0%
1995Tiny Toons' Night Ghoulery
0%
1994Tiny Toons: Spring Break
0%
1999Titus
0%
1995To Wong Foo, Thanks for Everything! Julie Newmar
0%
2014Transformers: Age of Extinction
0%
2024Transformers One
0%
2023Transformers: Rise of the Beasts
0%
2017Transformers: The Last Knight
0%
TBDUntitled Frank Bullitt Project
0%
1988Waxwork
0%
1993We're Back! A Dinosaur's Story
0%
2000What Lies Beneath
0%
2009Whip It
0%

Score Distribution

Percentile by Number Answered

Percent of People with Each Score

Your Score History

You have not taken this quiz since the last reset